| 000 | 00395nam a22001697a 4500 | ||
|---|---|---|---|
| 005 | 20180417112231.0 | ||
| 008 | 160513b xxu||||| |||| 00| 0 eng d | ||
| 020 | _a81-8054597-9 | ||
| 041 | _aeng | ||
| 082 |
_b1801 _a346.07 |
||
| 100 |
_aKapoor N.D. _9534 |
||
| 245 | _aElements of mercentile law | ||
| 260 |
_bSultan Chand _c2009 |
||
| 300 | _a328 | ||
| 650 |
_aManagement _9241 |
||
| 942 | _cBK | ||
| 999 |
_c692 _d692 |
||